Distribució del balanç de la radiació a Catalunya / Josep M. Núñez i Espallargas, Josep Pérez i Pérez
ISBN:
84-7283-004-7
Descripción Física:
122 p., amb map. ; 25 cm
Otros Autores:
Pérez i Pérez, Josep
Materias:
Radiació solar -- Catalunya
MARC
| LEADER | 00000nam a2200000Ia 4500 | ||
|---|---|---|---|
| 001 | 8903 | ||
| 008 | 160829s1977 xx 000 0 cat d | ||
| 020 | |a 84-7283-004-7 | ||
| 080 | |a C-2-14 | ||
| 100 | |a Núñez i Espallargas, Josep M. |9 20609 | ||
| 245 | |a Distribució del balanç de la radiació a Catalunya / Josep M. Núñez i Espallargas, Josep Pérez i Pérez | ||
| 260 | |a Barcelona : |b Institut d'Estudis Catalans, |c 1977 | ||
| 300 | |a 122 p., amb map. ; |c 25 cm | ||
| 490 | |a Arxius de la Secció de Ciències / Institut d'Estudis Catalans ; 56 | ||
| 590 | |a A la portada: II Borsa d' Estudi 'Institució Catalana d' Història Natural', 1973. | ||
| 590 | |a Bibliografia | ||
| 650 | |a Radiació solar |x Catalunya |9 20610 | ||
| 700 | |a Pérez i Pérez, Josep |9 20611 | ||
| 710 | 2 | |a Institut d'Estudis Catalans |9 52284 | |
| 901 | |a Arxiu | ||
| 942 | |n 1 | ||
| 952 | |0 0 |1 0 |4 0 |6 C214 |7 1 |9 41606 |a Arxiu |b Arxiu |d 2016-12-01 |l 0 |o C-2-14 |p 8903 |r 2016-12-01 00:00:00 |w 2016-12-01 |y ARXIU | ||
| 999 | |c 43496 |d 43496 | ||